Normal view
MARC view
- Ma, Jing-heng Sheng
Entry Personal Name
001 - CONTROL NUMBER
- control field: 99633
003 - CONTROL NUMBER IDENTIFIER
- control field: NUST
005 - DATE AND TIME OF LATEST TRANSACTION
- control field: 20221010113136.0
008 - FIXED-LENGTH DATA ELEMENTS
- fixed length control field: 221010|| aca||aabn | a|a d
040 ## - CATALOGING SOURCE
- Original cataloging agency: NUST
- Transcribing agency: NUST
100 ## - HEADING--PERSONAL NAME
- Personal name: Ma, Jing-heng Sheng
670 ## - SOURCE DATA FOUND
- Source citation: Work cat.: (NUST)0: Ross, Claudia, author. 99630, Modern Mandarin Chinese grammar workbook /
